[Event "Hastings Masters op 91st"]
[Site "Hastings"]
[Date "2015.12.29"]
[Round "2"]
[White "Gluckman, Paul"]
[Black "Kett, Timothy"]
[Result "1-0"]
[WhiteElo "1742"]
[BlackElo "2192"]
[PlyCount "89"]
[EventDate "2015.12.28"]
[EventType "swiss"]
[EventRounds "9"]
[EventCountry "ENG"]
[SourceTitle "CBM 170 Extra"]
[Source "ChessBase"]
[SourceDate "2016.02.25"]
[SourceVersion "1"]
[SourceVersionDate "2016.02.25"]
[SourceQuality "1"]

1. e4 c5 2. Nf3 Nc6 3. d4 cxd4 4. Nxd4 e5 5. Nb5 d6 6. N1c3 a6 7. Na3 b5 8. Nd5 Be7 9. Be3 Rb8 10. Qd2 Nf6 11. Nxf6+ Bxf6 12. Rd1 Be7 13. Be2 0-0 14. 0-0 Bb7 15. c4 b4 16. Nc2 Qc8 17. b3 f5 18. Bg5 Bxg5 19. Qxg5 Rf6 20. exf5 Rxf5 21. Qg3 Qf8 22. Bd3 Rf4 23. f3 Nd4 24. Nxd4 Rxd4 25. Qh3 g6 26. Bb1 Qf4 27. Qe6+ Kg7 28. Qe7+ Kh6 29. Rde1 Bc6 30. Qc7 Rd2 31. Qxc6 Qd4+ 32. Kh1 Rf8 33. Qe4 Qb2 34. Qg4 Rf4 35. Qg3 a5 36. Re4 Rxe4 37. fxe4 Qd4 38. Qh4+ Kg7 39. Qf6+ Kh6 40. Qf8+ Kh5 41. h3 Qe3 42. Qg7 h6 43. Qf7 Qg3 44. Rf5+ Kh4 45. Qf6+ 1-0